=LDR 00000nam 2200000 4500 =001 INLIS000000000022656 =005 20130612121407 =008 ***********************************Ind** =035 ##$$0010-061300000022656 =041 ##$$a Ind =082 ##$$a 811 =090 ##$$a 811, Nad-s =100 ##$$a Nadjib, Emha Ainun =245 ##$$a Seribu masdid satu jumlahnya, Tahajjud cinta seorang hamba, Emha Ainun Nadjib =260 ##$$a 1994 $b Bandung =300 ##$$a 164 hlm., 20 cm =650 ##$$a Sastra indonesia =850 ##$$a NBPNMAT =990 ##$$a 0001/BPAP-NTB/20142014 =990 ##$$a 0001/BPAP-NTB/20142015